00348pab a2200121 454500008004000000100002100040245008400061260000900145300002000154362001100174650002100185773002000206180718b2013 xxu||||| |||| 00| 0 eng d aSingh, Gursharan aRashtriya Uchchatar Shiksha Abhiyan (RUSA): Critical review and some suggestion c2013 ap.124-126, 137. a30 Sep aHigher education aUniversity News